Tucson International Airport Destinations (Tucson, AZ, USA) - Statistics

General Stats
  • This quiz has been taken 95 times
    19 since last reset
  • The average score is 17 of 18
Answer Stats
Airline Destination % Correct
Southwest Airlines Chicago (Midway)
100%
American Airlines/United Airlines/United Express Chicago (O'Hare)
100%
American Airlines/Frontier Airlines Dallas/Fort Worth
100%
Southwest Airlines Dallas (Love)
100%
Frontier Airlines/Southwest Airlines/United Airlines/United Express Denver
100%
Southwest Airlines Houston (Hobby)
100%
United Airlines/United Express Houston (Intercontinental)
100%
American Eagle/Delta Connection/Southwest Airlines Los Angeles
100%
Delta Connection/Frontier Airlines Salt Lake City
100%
United Airlines/United Express San Francisco
100%
Alaska Airlines/Delta Air Lines/Delta Connection Seattle/Tacoma
100%
Delta Air Lines Atlanta
94%
Frontier Airlines/Southwest Airlines Las Vegas
94%
American Airlines/American Eagle/Southwest Airlines Phoenix (Sky Harbor)
94%
Southwest Airlines San Diego
94%
Delta Air Lines/Sun Country Airlines Minneapolis/St. Paul
88%
Alaska Airlines Portland (OR)
82%
Alaska Airlines Orange County
53%
No matching quizzes found
Score Distribution
Percent of People with Each Score
Percentile by Number Answered
Your Score History
You have not taken this quiz since the last reset